Sportifs français par image : E et F - Statistiques

Statistiques générales
  • Ce quiz a été pris 255 fois
    252 depuis la dernière actualisation
  • Le résultat moyen est 9 sur 16
Statistiques - réponses
Par images Réponse % Correct
Martin Fourcade
93%
Patrice Évra
91%
Nabil Fekir
90%
Evan Fournier
76%
Arthur Fils
75%
Tony Estanguet
75%
Youssouf Fofana
69%
Pauline Ferrand-Prévot
60%
Laura Flessel
52%
Quentin Fillon Maillet
45%
Just Fontaine
44%
Laurent Fignon
37%
Ludovic Fabregas
37%
Marine Fauthoux
17%
Alice Finot
16%
Naomie Feller
5%
Aucun quiz correspondant
Distribution des résultats
% des personnes avec chaque résultat
Percentile par nombre de réponses
Votre historique - résultats
Vous n’avez pas pris ce quiz depuis la dernière actualisation